000 00298nam a2200121Ia 4500
008 241002s9999 xx 000 0 und d
082 _a808.3 THO
100 _aThomas, Hardy
245 0 _aHelps to the study from the madding crowd
260 _aKarachi:
_cN/A
600 _aLiterature
942 _cUC
999 _c18948
_d18948